| Tag |
First Indicator |
Second Indicator |
Subfields |
| LEADER |
00000cam a22000007a 4500 |
| 001 |
in00000035248 |
| 005 |
20151007055337.0 |
| 008 |
860326s1983 sp 00010 spa d |
| 020 |
|
|
|a 8437601002
|
| 035 |
|
|
|a (OCoLC)13347271
|
| 035 |
|
|
|9 AAB7955AM
|
| 040 |
|
|
|a MHB
|c MHB
|d m/c
|d TXA
|d UtOrBLW
|
| 049 |
|
|
|a TXAM
|c [A11493514]
|
| 050 |
|
4 |
|a PQ6601.R58
|b P5 1983
|
| 100 |
1 |
|
|a Arrabal, Fernando.
|
| 245 |
1 |
0 |
|a Pic-Nic ; El triciclo ; El laberinto /
|c Edición de Ángel Berenguer.
|
| 250 |
|
|
|a 6a. ed.
|
| 264 |
|
1 |
|a Madrid :
|b Cátedra,
|c 1983.
|
| 300 |
|
|
|a 269 pages ;
|c 18 cm.
|
| 336 |
|
|
|a text
|b txt
|2 rdacontent
|
| 337 |
|
|
|a unmediated
|b n
|2 rdamedia
|
| 338 |
|
|
|a volume
|b nc
|2 rdacarrier
|
| 490 |
1 |
|
|a Letras hispánicas
|
| 504 |
|
|
|a Bibliography : pages 125-126.
|
| 700 |
1 |
|
|a Berenguer, Angel.
|
| 740 |
0 |
|
|a Pic-Nic.
|
| 740 |
3 |
|
|a El triciclo.
|
| 740 |
3 |
|
|a El laberinto.
|
| 830 |
|
0 |
|a Letras hispánicas.
|
| 999 |
|
|
|a MARS
|
| 999 |
f |
f |
|s c12b905f-9af4-3512-8d86-bb66474898b9
|i 8c07ee07-1e07-3046-b3ca-a28e9b2e0e59
|t 0
|
| 952 |
f |
f |
|p ric
|a Texas A&M University
|b Rellis Campus
|c Joint Library Facility
|d Remote Storage
|t 0
|e PQ6601.R58 P5 1983
|h Library of Congress classification
|i unmediated -- volume
|m A14811493514
|
| 998 |
f |
f |
|a PQ6601.R58 P5 1983
|t 0
|l Remote Storage
|